|
|
|
|
| LEADER |
00000nam a2200000 a 4500 |
| 001 |
vtls001369869 |
| 003 |
SK-MaSNL |
| 005 |
20260302034207.0 |
| 008 |
240226s1986 xr 000 0 cze |
| 035 |
|
|
|a SNK000323617
|
| 035 |
|
|
|a urn:nbn:sk:snk-am3h57s
|
| 035 |
|
|
|a urn:nbn:sk:snk-am008240
|
| 035 |
|
|
|a 1A0723DD-504B-4002-BDCC-E9A31F2E6B7A
|
| 040 |
|
|
|a SNK
|b slo
|c SNK
|e AACR2
|
| 041 |
0 |
|
|a cze
|
| 044 |
|
|
|a xr
|c CZ
|
| 245 |
0 |
0 |
|a Pracovné listy k učebnici Nauka o společnosti pro 6. ročník zvláštní školy
|b 2. část
|p Dějepis
|
| 260 |
|
|
|a Praha
|b SPN, n. p., Praha
|c 1986
|
| 300 |
|
|
|a 25 s.
|
| 650 |
0 |
7 |
|a občianska náuka
|2 SNKPH
|9 207230
|
| 650 |
0 |
7 |
|a dejepis
|2 SNKPH
|9 4288
|
| 655 |
|
7 |
|a pracovné listy
|2 SNKPH
|9 70565
|
| 655 |
|
7 |
|a učebnice špeciálnych základných škôl
|2 SNKPH
|9 70204
|
| 954 |
|
|
|a odborná, vedecká literatúra cudzojazyčná (svetová)
|2 lita
|
| 958 |
|
|
|a OND
|
| 999 |
|
|
|c 1065151
|d 1067081
|
| 952 |
|
|
|a SNK
|b SNK
|y PREZ
|7 0
|p 17A0811684
|o snkSB 40071/2
|i snkKIP 1937/86
|0 0
|1 0
|4 0
|d 2012-05-02
|f 1
|l 0
|r 2025-04-25 00:00:00
|w 2026-02-24
|
| 952 |
|
|
|t P60, <04>, [BOOK], {604}
|a SNK
|b SNK
|y VYP
|7 0
|p 17A0205962
|o snkSB 40071/2 D1
|i snkKIP 1938/86
|0 0
|1 0
|4 0
|d 1999-08-09
|l 0
|r 2005-01-02 00:00:00
|w 2026-02-24
|